|
|
|
|
| LEADER |
02866nam a22004093i 4500 |
| 001 |
EBC6765436 |
| 003 |
MiAaPQ |
| 005 |
20231204023219.0 |
| 006 |
m o d | |
| 007 |
cr cnu|||||||| |
| 008 |
231204s2017 xx o ||||0 ger d |
| 020 |
|
|
|a 9783839431269
|q (electronic bk.)
|
| 020 |
|
|
|z 9783732831265
|
| 035 |
|
|
|a (MiAaPQ)EBC6765436
|
| 035 |
|
|
|a (Au-PeEL)EBL6765436
|
| 035 |
|
|
|a (OCoLC)1110440901
|
| 040 |
|
|
|a MiAaPQ
|b eng
|e rda
|e pn
|c MiAaPQ
|d MiAaPQ
|
| 100 |
1 |
|
|a (verst.), Susan Leigh Star.
|
| 245 |
1 |
0 |
|a Grenzobjekte und Medienforschung :
|b (hg. von Sebastian Gießmann und Nadine Taha).
|
| 250 |
|
|
|a 1st ed.
|
| 264 |
|
1 |
|a Bielefeld :
|b transcript,
|c 2017.
|
| 264 |
|
4 |
|c {copy}2017.
|
| 300 |
|
|
|a 1 online resource (536 pages)
|
| 336 |
|
|
|a text
|b txt
|2 rdacontent
|
| 337 |
|
|
|a computer
|b c
|2 rdamedia
|
| 338 |
|
|
|a online resource
|b cr
|2 rdacarrier
|
| 490 |
1 |
|
|a Locating Media/Situierte Medien ;
|v v.10
|
| 505 |
0 |
|
|a Intro -- Inhalt -- Preface -- Einleitung -- »Study the unstudied« -- Grenzobjekte -- Institutionelle Ökologie, ›Übersetzungen‹ und Grenzobjekte -- Boundary Objects, Boundary Media -- Die Struktur schlecht strukturierter Lösungen -- Von der Verteilten Künstlichen Intelligenz zur Diagrammatik der Grenzobjekte -- Kategoriale Arbeit und Grenzinfrastrukturen -- Das Ordnen der Dinge -- Dies ist kein Grenzobjekt -- Marginalität und Arbeit -- Macht, Technik und die Phänomenologie von Konventionen -- »Another Person's Poison« -- Schichten des Schweigens, Arenen der Stimme -- Reflexionen zur Ökologie sichtbarer und unsichtbarer Arbeit bei Susan Leigh Star und Anselm Strauss -- Grounded Theory leben -- Rotluchs in Garageneinfahrt -- Infrastrukturen und Praxisgemeinschaften -- Schritte zu einer Ökologie von Infrastruktur -- »Worm World« -- Die Ethnografie von Infrastruktur (1999) -- Barrieren, Hinterbühnen, Infrastrukturen -- Transparenz jenseits individueller Größenordnungen -- Gebrauchstauglichkeit als performative Transparenz -- Mit Standards leben (2009) -- Wenn aus Klassifikationen Standards werden -- Quellennachweise -- Autorinnen und Autoren -- Herausgeber und Herausgeberin -- Register.
|
| 588 |
|
|
|a Description based on publisher supplied metadata and other sources.
|
| 590 |
|
|
|a Electronic reproduction. Ann Arbor, Michigan : ProQuest Ebook Central, 2023. Available via World Wide Web. Access may be limited to ProQuest Ebook Central affiliated libraries.
|
| 655 |
|
4 |
|a Electronic books.
|
| 700 |
1 |
|
|a Gießmann, Sebastian.
|
| 700 |
1 |
|
|a Taha, Nadine.
|
| 776 |
0 |
8 |
|i Print version:
|a (verst.), Susan Leigh Star
|t Grenzobjekte und Medienforschung
|d Bielefeld : transcript,c2017
|z 9783732831265
|
| 797 |
2 |
|
|a ProQuest (Firm)
|
| 830 |
|
0 |
|a Locating Media/Situierte Medien
|
| 856 |
4 |
0 |
|u https://ebookcentral.proquest.com/lib/matrademy/detail.action?docID=6765436
|z Click to View
|